Μειονότητες στα μετά-κομμουνιστικά Βαλκάνια : πολιτικές του κέντρου και μειονοτικές απαντήσεις
Αποθηκεύτηκε σε:
| Κύριος συγγραφέας: | |
|---|---|
| Μορφή: | Βιβλίο |
| Γλώσσα: | Greek |
| Δημοσίευση: |
Αθήνα :
Νέα Σύνορα,
1997.
|
| Σειρά: | Δοκίμιο (Νέα Σύνορα)
|
| Θέματα: | |
| Ετικέτες: |
Προσθήκη ετικέτας
Δεν υπάρχουν, Καταχωρήστε ετικέτα πρώτοι!
|
MARC
| LEADER | 00000cam a2200000 i 4500 | ||
|---|---|---|---|
| 001 | 1/8584 | ||
| 008 | 000703s1997 gr | ||| |||| ||gre|| | ||
| 020 | |a 9602367830 | ||
| 035 | |l 10062731 | ||
| 040 | |a GR-MyUa |b gre |e AACR2 | ||
| 041 | 0 | |a gre | |
| 082 | 7 | |a 323.1496 |2 (22) | |
| 100 | 1 | |a Κοππά, Μαριλένα. | |
| 245 | 1 | 0 | |a Μειονότητες στα μετά-κομμουνιστικά Βαλκάνια : |b πολιτικές του κέντρου και μειονοτικές απαντήσεις / |c Μαριλένα Κόππα |
| 260 | |a Αθήνα : |b Νέα Σύνορα, |c 1997. | ||
| 300 | |a 216 σ. ; |c 21 εκ. | ||
| 490 | 1 | |a (Δοκίμιο / Νέα Σύνορα) | |
| 504 | |a Περιέχει βιβλιογραφία. | ||
| 650 | 0 | 0 | |a Minorities |z Balkan Peninsula |x History. |
| 650 | 0 | |a Minorities |x Legal status, laws, etc |z Balkan Peninsula. | |
| 650 | 0 | |a Post-communism |z Balkan Peninsula. | |
| 651 | 0 | |a Balkan Peninsula |x Ethnic relations. | |
| 830 | 0 | |a Δοκίμιο (Νέα Σύνορα) | |
| 852 | |a INST |b LESVOS |e 20000703 |h 323.1496 ΚΟΠ |p 005100025743 |q 005100025743 |t BK |y 0 | ||
| 852 | |a INST |b LESVOS |e 20000703 |h 323.1496 ΚΟΠ |p 005100025744 |q 005100025744 |t BK |y 0 | ||
| 901 | |a BIBL1-2000-2 | ||
| 970 | |a ΚΑΜΑΤΣΟΥ |b ΔΕΣΠΟΙΝΑ |z 2000/07/03 | ||